Nagyjelentőségű orvosi előadások az Egyetembarátok szakülésén
Elmentve itt :
| Dokumentumtípus: | Cikk |
|---|---|
| Megjelent: |
1941-11-27
|
| Sorozat: | Délmagyarország
17 No. 271 |
| Kulcsszavak: | Rávnay Tamás, Egyetem Barátai Egyesülete előadás 1941 |
| Online Access: | http://dmarchiv.bibl.u-szeged.hu/33771 |
| LEADER | 00485nab a2200145 i 4500 | ||
|---|---|---|---|
| 001 | delm33771 | ||
| 005 | 20180927105607.0 | ||
| 008 | 180927s1941 hu o 0|| hun d | ||
| 040 | |a SZTE Délmagyarország Archívum |b hun | ||
| 041 | |a hun | ||
| 245 | 0 | 0 | |a Nagyjelentőségű orvosi előadások az Egyetembarátok szakülésén |h [elektronikus dokumentum] |
| 260 | |c 1941-11-27 | ||
| 300 | |a 4 | ||
| 490 | 0 | |a Délmagyarország |v 17 No. 271 | |
| 695 | |a Rávnay Tamás, Egyetem Barátai Egyesülete előadás 1941 | ||